Eurobarometer zaradil Slovákov medzi najväčších pesimistov

Vzťah a očakávania občanov kandidátskych krajín od blížiaceho sa členstva v EÚ. Názory členov a kandidátov sú rozdielne. Otázka kvality života. Demokracia s medzerami. Zvýšenie informovanosti kandidátskych krajín o EÚ. Ústava a budúce zmeny. Pesimizmus Slovákov.

Enregistré dans:
Détails bibliographiques
Auteur principal: Schönwiesner, Roman
Format: Chapitre de livre
Langue:slovaque
Sujets:
Tags: Ajouter un tag
Pas de tags, Soyez le premier à ajouter un tag!

MARC

LEADER 00000naa a2200000 4500
001 r049686
005 20230921115054.3
041 0 |a slo 
044 |a SK 
245 1 0 |a Eurobarometer zaradil Slovákov medzi najväčších pesimistov  |c Roman Schönwiesner 
520 |a Vzťah a očakávania občanov kandidátskych krajín od blížiaceho sa členstva v EÚ. Názory členov a kandidátov sú rozdielne. Otázka kvality života. Demokracia s medzerami. Zvýšenie informovanosti kandidátskych krajín o EÚ. Ústava a budúce zmeny. Pesimizmus Slovákov. 
610 2 0 |a integrácia ekonomická medzinárodná 
610 2 0 |a Európska únia 
610 2 0 |a Slovensko 
610 2 0 |a úroveň životná 
610 2 0 |a demokracia 
610 2 0 |a informácie 
610 2 0 |a ústava 
610 2 0 |a euro 
100 1 |a Schönwiesner, Roman